Hrad Kežmarok sa podarilo čiastočne odvlhčiť

Bibliographic Details
Format: Article
Language:Slovak
Subjects:

MARC

LEADER 00000nab a2200000 a 4500
001 vtls010579373
003 SK-MaSNL
005 20260303203608.0
008 140228 2013 xo q 000 0 slo
038 |a PPPK 
040 |a PPPKCL  |b slo  |c PPPK  |e AACR2 
041 0 |a slo 
044 |a xo  |c SK 
080 |a 728.82  |x (437.671.113.123)  |2 2001 
080 |a 904  |x (437.671.113.123)  |2 2001 
245 0 0 |a Hrad Kežmarok sa podarilo čiastočne odvlhčiť 
500 |a Autor článku nie je uvedený. 
610 2 7 |a Kežmarský hrad  |2 pppkcl  |9 165013 
650 0 7 |a zámky  |2 pppkcl  |9 3041 
650 0 7 |a kultúrne pamiatky  |2 pppkcl  |9 2862 
651 7 |a Kežmarok (Slovensko)  |2 pppkcl  |9 26808 
773 0 |t Spišskobeliansky spravodaj  |g Roč. 11, č. 9 (2013), s. 6 
852 |a PPPK  |b KIS3GCP 
999 |c 2186314  |d 2188244